| 000 | 01244cam a2200325 i 4500 | ||
|---|---|---|---|
| 999 |
_c200448198 _d66410 |
||
| 003 | TR-AnTOB | ||
| 005 | 20220318110510.0 | ||
| 007 | ta | ||
| 008 | 820518s1980 sz 100 0 eng | ||
| 020 | _a9221020983 (v.1) | ||
| 040 |
_aDLC _beng _erda _cDLC _dDLC _dTR-AnTOB |
||
| 041 | 0 | _aeng | |
| 050 | 0 | 0 |
_aHD6052 _b.E68 1980 |
| 090 | _aTOBBK HD6052 .E68 1980 | ||
| 245 | 0 | 0 |
_aEqual opportunities and equal treatment for men and women workers, workers with family responsibilities : _breport VI, sixth item on the agenda / _cInternational Labour Office. |
| 264 | 1 |
_aGeneva : _bInternational Labour Office, _c1981. |
|
| 300 |
_avolumes ; _c24 cm |
||
| 336 |
_atext _btxt _2rdacontent |
||
| 337 |
_aunmediated _bn _2rdamedia |
||
| 338 |
_avolume _bnc _2rdacarrier |
||
| 500 | _aReport (1) : Report (2). | ||
| 650 | 0 |
_aMarried people _xEmployment _vCongresses. _9136118 |
|
| 650 | 0 |
_aSex discrimination in employment _vCongresses. _9135502 |
|
| 650 | 0 |
_aIndustrial welfare _vCongresses. _9100572 |
|
| 650 | 0 |
_aFamilies _vCongresses. _942810 |
|
| 710 | 2 |
_aInternational Labour Office _927101 |
|
| 711 | 2 |
_aInternational Labour Conference _n(66th : _d1980 : _cGeneva, Switzerland) _9136062 |
|
| 942 |
_2z _cBK |
||